| 000 | 00521cam a2200205ua 4500 | ||
|---|---|---|---|
| 001 | 10187 | ||
| 008 | 171003n ii |||gr||||Z||||||eng | ||
| 020 | _a9788186860120 | ||
| 040 | _cMAIN | ||
| 041 | _aeng | ||
| 082 | _a320.5 | ||
| 100 |
_aDas, Deepan, _eAuthor., |
||
| 245 |
_aWestern political thought _cBy Deepan Das and Indrani Saha |
||
| 250 | _a1st ed. | ||
| 260 |
_aDibrugarh: _bNational library, _c2013`. |
||
| 300 | _a304p. | ||
| 653 | _aPolitical science | ||
| 700 |
_aSaha, Indrani, _eAuthor. |
||
| 942 | _cBK | ||
| 999 |
_c9184 _d9184 |
||